000 01101 a2200217 4500
003 Nust
005 20230608145712.0
010 _a 97047159
020 _a3540113401
040 _cNust
082 0 0 _a006.3,NIL
100 1 _aNilsson, Nils J.,
_961534
245 1 0 _aPrinciples of Artificial Intelligence /
_cNils J. Nilsson.
260 _aSan Francisco, Calif. :
_bMorgan Kaufmann Publishers,
_cc1998.
300 _axxi, 513 p. :
_bill. ;
_c24 cm.
505 _aProduction Systems and AI (Page-17), Search Strategies for AI (Page-53), Search Strategies for Decomposable Production Systems (Page-99), The Predicate Calculus in AI (Page-131), Resolution Refutation Systems (Page-161), Rule-Based Deduction Systems (Page-193), Basic Plan-Generating Systems (Page-275), Advance Plan-Generating Systems (Page-321), Structured Object Representation (Page-361).
650 0 _aArtificial intelligence.
856 4 2 _3Publisher description
_uhttp://www.loc.gov/catdir/description/els032/97047159.html
856 4 2 _3Table of contents
_uhttp://www.loc.gov/catdir/toc/els032/97047159.html
942 _cBK
_2ddc
999 _c175391
_d175391